[Event "NOR-ch (Women)"]
[White "Thorfinnsdottir, Elsa Maria"]
[Black "Holen, Marianne"]
[Site "Oslo"]
[Round "1"]
[Result "1-0"]
[Date "2008.02.01"]
[WhiteElo "1721"]
[BlackElo "754"]
[PlyCount "45"]
[EventDate "2008.02.01"]
[EventType "swiss"]
[EventRounds "6"]
[EventCountry "NOR"]
[SourceTitle "EXT 2010"]
[Source "ChessBase"]
[SourceDate "2010.11.25"]
[SourceVersion "1"]
[SourceVersionDate "2010.11.25"]
[SourceQuality "1"]

1. e4 e5 2. Nf3 Nc6 3. Bc4 Bc5 4. c3 Nf6 5. d4 exd4 6. e5 Ne4 7. cxd4 Bb6 8. Bd5 0-0 9. Bxe4 d6 10. 0-0 Nb4 11. exd6 cxd6 12. a3 Nc6 13. Qc2 d5 14. Bxh7+ Kh8 15. Bf5 Bc7 16. Nc3 a6 17. Bxc8 Rxc8 18. Qf5 Ne7 19. Qh5+ Kg8 20. Ng5 Re8 21. Qxf7+ Kh8 22. Ne6 Qd6 23. Qxg7# 1-0